| 000 | 00630nam a22001457a 4500 | ||
|---|---|---|---|
| 020 | _a978-0-439-91880-0 | ||
| 082 |
_a823 _bSTI/G |
||
| 100 | _aSTINE, R L | ||
| 245 | _aGOOSEBUMPS HORRORLAND | ||
| 260 |
_aLONDON _bSCHOLASTIC _c2009 |
||
| 300 | _a137 | ||
| 520 | _aIn the final book in the HorrorLand series, a group of kids are trapped in HorrorLand. Desperate to escape a villian who is trying to manipulate their lives, they wander into Panic Park. But new terrors await them there. It's only by teaming up with unlikely allies that they have a chance to survive. | ||
| 650 |
_aCHILDRENS STORY BOOK _zUNITED KINGDOM |
||
| 942 | _cBK | ||
| 999 |
_c8026 _d8026 |
||